| 000 | 00744nam a2200181Ia 4500 | ||
|---|---|---|---|
| 008 | 151202s9999||||xx |||||||||||||| ||und|| | ||
| 082 | _bPNVM-73715 | ||
| 100 | _aजाखोटिया गिरीश. | ||
| 245 | _aआक्रमण-21 व्या शतकातील महाभारत. | ||
| 260 | _bसाकेत प्रकाशन औरंगाबाद. | ||
| 260 | _c73715 | ||
| 300 | _a440 | ||
| 600 | _aजाखोटिया गिरीश. | ||
| 630 | _aआक्रमण-21 व्या शतकातील महाभारत. | ||
| 700 | _aजाखोटिया गिरीश. | ||
| 730 | _aआक्रमण-21 व्या शतकातील महाभारत. | ||
| 942 | _cBOOK | ||
| 999 |
_c1340378 _d1340375 |
||